FIFA World Cup winners and hosts - Statistics

General Stats
  • This quiz has been taken 77 times
    60 since last reset
  • The average score is 41 of 44
Answer Stats
Year Country % Correct
2022 Winner Argentina
98%
1986 Winner Argentina
98%
1978 Winner Argentina
98%
1978 Host Argentina
98%
2002 Winner Brazil
98%
1994 Winner Brazil
98%
1970 Winner Brazil
98%
1962 Winner Brazil
98%
1958 Winner Brazil
98%
2014 Host Brazil
98%
1950 Host Brazil
98%
1966 Winner England
98%
1966 Host England
98%
2018 Winner France
98%
1998 Winner France
98%
1998 Host France
98%
1938 Host France
98%
2006 Winner Italy
98%
1982 Winner Italy
98%
1938 Winner Italy
98%
1934 Winner Italy
98%
1990 Host Italy
98%
1934 Host Italy
98%
2022 Host Qatar
98%
2010 Winner Spain
98%
1982 Host Spain
98%
1950 Winner Uruguay
98%
1930 Winner Uruguay
98%
1930 Host Uruguay
98%
2014 Winner Germany
96%
2006 Host Germany
96%
2018 Host Russia
94%
2010 Host South Africa
91%
1986 Host Mexico
87%
1970 Host Mexico
87%
1994 Host USA
85%
1958 Host Sweden
77%
1990 Winner West Germany
77%
1974 Winner West Germany
77%
1954 Winner West Germany
77%
1974 Host West Germany
77%
1962 Host Chile
70%
1954 Host Switzerland
70%
2002 Host Korea and Japan
53%
No matching quizzes found
Score Distribution
Percent of People with Each Score
Percentile by Number Answered
Your Score History
You have not taken this quiz since the last reset